तुलसी के मानसेतर काव्य (Record no. 56106)
[ view plain ]
| 000 -LEADER | |
|---|---|
| fixed length control field | 00497nam a22001457a 4500 |
| 003 - CONTROL NUMBER IDENTIFIER | |
| control field | MACL |
| 005 - DATE AND TIME OF LATEST TRANSACTION | |
| control field | 20170223154427.0 |
| 008 - FIXED-LENGTH DATA ELEMENTS--GENERAL INFORMATION | |
| fixed length control field | 170223b xxu||||| |||| 00| 0 eng d |
| 040 ## - CATALOGING SOURCE | |
| Transcribing agency | MACL |
| 100 ## - MAIN ENTRY--PERSONAL NAME | |
| Relator code | प्रसाद डॉ जगदीश्वर |
| 245 ## - TITLE STATEMENT | |
| Title | तुलसी के मानसेतर काव्य |
| 260 ## - PUBLICATION, DISTRIBUTION, ETC. (IMPRINT) | |
| Place of publication, distribution, etc. | आगरा |
| Name of publisher, distributor, etc. | अरविन्द प्रकाशन |
| Date of publication, distribution, etc. | 2014 |
| 650 ## - SUBJECT ADDED ENTRY--TOPICAL TERM | |
| Topical term or geographic name as entry element | काव्यालाेचना |
| 9 (RLIN) | 66811 |
| 942 ## - ADDED ENTRY ELEMENTS (KOHA) | |
| Source of classification or shelving scheme | |
| Koha item type | Hindi Books |
| Withdrawn status | Lost status | Source of classification or shelving scheme | Damaged status | Not for loan | Home library | Current library | Date acquired | Cost, normal purchase price | Total Checkouts | Full call number | Barcode | Date last seen | Price effective from | Koha item type |
|---|---|---|---|---|---|---|---|---|---|---|---|---|---|---|
| MACL | MACL | 23/02/2017 | 300.00 | 800/PRS | CRH032581 | 23/02/2017 | 23/02/2017 | Hindi Books |









